Derecho de familia /
Guardado en:
| Autor Principal: | |
|---|---|
| Otros Autores: | , |
| Formato: | Desconocido |
| Idioma: | Spanish |
| Publicado: |
Ciudad Autónoma de Buenos Aires :
Abeledo Perrot,
2017
|
| Edición: | 1a .ed. |
| Series: | Derecho civil y comercial
|
| Materias: | |
| Etiquetas: |
Agregar Etiqueta
Sin Etiquetas, Sea el primero en etiquetar este registro!
|
| LEADER | 00635nac a22002055a 4500 | ||
|---|---|---|---|
| 001 | DER.der013563 | ||
| 008 | 180615s2017####ag#####|###|#|######spa|| | ||
| 005 | 20230606092012.0 | ||
| 245 | 1 | 0 | |a Derecho de familia / |c Medina, Graciela. |
| 250 | |a 1a .ed. | ||
| 260 | |a Ciudad Autónoma de Buenos Aires : |b Abeledo Perrot, |c 2017 | ||
| 300 | |a 1054 p. | ||
| 440 | 0 | |a Derecho civil y comercial | |
| 020 | |a 978-950-20-2883-5 | ||
| 100 | 1 | |a Medina, Graciela | |
| 700 | 1 | |a Roveda, Eduardo Guillermo | |
| 700 | 1 | |a Rivera, Julio César |e director | |
| 653 | |a DERECHO DE FAMILIA | ||
| 653 | |a DERECHO CIVIL | ||
| 859 | |a DERECHO |b BIB. DERECHO |h 348.023 |i MED |p 008572 | ||
